000
00258nam a2200109Ia 4500
005
20251222114347.0
008
251222s1900||||xx |||||||||||||| ||spa||
082
_a
DVD0070/G66/2002
245
0
_a
Domingo sangriento
264
_b
Paramount Classics
942
_c
DVD
999
_c
1068
_d
1068